| 000 | 00403nam a2200145 a 4500 | ||
|---|---|---|---|
| 005 | 20140412111348.0 | ||
| 008 | 060117s19uu xx 00 eng d | ||
| 020 | _a971-121-065-7 | ||
| 050 |
_aFil _b398.2 1981 |
||
| 100 | _aAngeles, Alberta | ||
| 245 |
_aSi Langam at si Tipaklong / _cAlberta Angeles. |
||
| 260 |
_aQuezon City : _bAdarna House, _c1981. |
||
| 650 |
_aInsects _xFiction |
||
| 999 |
_c105250 _d105250 |
||